Statistics for Top cider producing countries

Click here to take the quiz!

General Stats

  • This quiz has been taken 200 times
  • The average score is 6 of 9

Answer Stats

RankCountryVolume in ‘000 HL% Correct
1United Kingdom9,735
95%
3France821
93%
2Spain950
88%
4Germany676
81%
5Ireland631
74%
8Sweden151
64%
6Finland454
46%
9Estonia108
24%
7Lithuania199
23%

Score Distribution

Percentile by Number Answered

Percent of People with Each Score

Your Score History

You have not taken this quiz